Hospodárenie ambulancie praktického lekára bakalárska práca

Enregistré dans:
Détails bibliographiques
Auteur principal: Višňovský, Viliam
Collectivité auteur: Národohospodárska fakulta EU. Katedra sociálneho rozvoja a práce
Autres auteurs: Nováková, Michaela, 1977-
Format: Livre
Langue:slovaque
Publié: Bratislava 2015
Tags: Ajouter un tag
Pas de tags, Soyez le premier à ajouter un tag!

MARC

LEADER 00000nbm a2200000 4500
001 0204913
005 20161212094809.5
041 0 |a slo 
044 |a SK 
245 1 0 |a Hospodárenie ambulancie praktického lekára  |b bakalárska práca  |c Viliam Višňovský ; školiteľ: Michaela Nováková 
264 1 |a Bratislava  |c 2015 
300 |a 42 s. 
100 1 |a Višňovský, Viliam 
700 1 |a Nováková, Michaela, 1977- 
710 2 |a Národohospodárska fakulta EU. Katedra sociálneho rozvoja a práce